Fine Arts - Music | 3 | 4 | 0 | 0 | 85 | 55 | 84.43 | 0 | 0 |
Fine Arts - Painting | 2 | 5 | 0 | 0 | 80 | 45 | 74.71 | 0 | 1 |
Literature - American | 3 | 3 | 0 | 0 | 75 | 50 | 88.33 | 0 | 1 |
Other - Other Academic and General Knowledge | 3 | 2 | 0 | 0 | 65 | 45 | 71.80 | 1 | 3 |
Fine Arts - Miscellaneous | 3 | 1 | 0 | 0 | 55 | 49 | 74.50 | 2 | 2 |
Literature - World and Miscellaneous | 0 | 5 | 0 | 0 | 50 | 75 | 91.80 | 0 | 0 |
History - Cross, Historiography, and Miscellaneous | 3 | 0 | 0 | 0 | 45 | 30 | 48.67 | 0 | 1 |
Science - Chemistry | 0 | 3 | 0 | 0 | 30 | 63 | 90.33 | 0 | 0 |
Current Events - World | 1 | 1 | 0 | 0 | 25 | 28 | 51.00 | 0 | 1 |
Science - Biology | 1 | 1 | 0 | 0 | 25 | 50 | 64.00 | 0 | 0 |
Literature - European | 1 | 1 | 0 | 0 | 25 | 53 | 66.50 | 0 | 0 |
History - European | 1 | 1 | 0 | 0 | 25 | 62 | 92.00 | 0 | 0 |
Social Science - Psychology | 0 | 2 | 0 | 0 | 20 | 65 | 81.00 | 1 | 1 |
Fine Arts - Jazz | 0 | 2 | 0 | 0 | 20 | 74 | 96.00 | 0 | 0 |
Fine Arts - Opera | 0 | 2 | 0 | 0 | 20 | 79 | 103.50 | 0 | 0 |
Literature - British | 0 | 2 | 0 | 0 | 20 | 80 | 104.00 | 0 | 0 |
RMP - Jewish Practice | 0 | 2 | 0 | 0 | 20 | 109 | 118.50 | 0 | 0 |
RMP - Philosophy | 0 | 2 | 0 | 0 | 20 | 71 | 74.50 | 0 | 0 |
RMP - World Mythology | 0 | 2 | 0 | 0 | 20 | 102 | 111.50 | 0 | 0 |
RMP - East Asian Religion | 1 | 0 | 0 | 0 | 15 | 68 | 68.00 | 0 | 0 |
History - World | 1 | 0 | 0 | 0 | 15 | 49 | 49.00 | 0 | 0 |
Current Events - U.S. | 1 | 0 | 0 | 0 | 15 | 55 | 55.00 | 0 | 0 |
Fine Arts - Architecture | 0 | 1 | 0 | 0 | 10 | 94 | 94.00 | 0 | 0 |
Social Science - Economics | 0 | 1 | 0 | 0 | 10 | 111 | 111.00 | 0 | 0 |
Fine Arts - Film | 0 | 1 | 0 | 0 | 10 | 127 | 127.00 | 0 | 0 |
History - American | 0 | 1 | 0 | 0 | 10 | 73 | 73.00 | 0 | 0 |
Fine Arts - Photography | 0 | 1 | 0 | 0 | 10 | 120 | 120.00 | 0 | 0 |
RMP - Christian Practice | 0 | 1 | 0 | 0 | 10 | 116 | 116.00 | 0 | 0 |
RMP - Hinduism | 0 | 1 | 0 | 0 | 10 | 66 | 66.00 | 0 | 0 |
RMP - Buddhism | 0 | 0 | 0 | 0 | 0 | | 0.00 | 0 | 0 |